|
|
|
|
| LEADER |
00000nam2a2200000 4500 |
| 001 |
113888 |
| 005 |
20231101215146.0 |
| 010 |
|
|
|a 5852553808
|
| 020 |
|
|
|a RU
|b 94-590
|
| 035 |
|
|
|a (RuTPU)RU\TPU\book\123159
|
| 090 |
|
|
|a 113888
|
| 100 |
|
|
|a 20070417d1993 m y0rusy5003 ca
|
| 101 |
0 |
|
|a rus
|
| 102 |
|
|
|a RU
|
| 105 |
|
|
|a c z 001ay
|
| 200 |
0 |
|
|a Т. 2
|a Преподобный Сергий Радонежский; Странное путешествие; Анна; Афон; Валаам; Москва
|
| 210 |
|
|
|d 1993
|
| 215 |
|
|
|d 21 см
|a 586 с.
|c ил.
|
| 320 |
|
|
|a Комментарии: с. 509-586.
|
| 461 |
|
1 |
|0 (RuTPU)RU\TPU\book\123158
|y 5-85255-378-6
|t Сочинения
|o в 3 томах
|f Б. К. Зайцев
|g сост. Е. Воропаева и А. Тарков
|v Т. 2: Преподобный Сергий Радонежский; Странное путешествие; Анна; Афон; Валаам; Москва
|d 1993-
|
| 600 |
|
0 |
|a Сергий Радонежский
|c основатель и игумен Троице-Сергиева монастыря
|f около 1321-1391
|2 stltpush
|3 (RuTPU)RU\TPU\pers\5916
|9 1143
|
| 610 |
1 |
|
|a русская литература
|
| 610 |
1 |
|
|a эмиграция
|
| 675 |
|
|
|a Р2
|z rus
|v 3
|
| 801 |
|
0 |
|a RU
|b RuMRKP
|c 19950413
|g psbo
|
| 801 |
|
1 |
|a RU
|b 63413507
|c 20070417
|g PSBO
|
| 801 |
|
2 |
|a RU
|b 63413507
|c 20070814
|g PSBO
|
| 942 |
|
|
|c BK
|